00361nam a2200133 a 45000010010000000030011000100080041000210350026000620820016000881000025001042450020001292600059001496500019002080000-8506ELIB.Books110520 1982  a(ELIB.Books)0000-8651 a277.3 bBra aBrackney, William H. aThe Travel Book bU.S.A: The American baptist Publication Society c1982 aChurch History